Quantum field theory and noncommutative geometry /

Guardado en:
Otros Autores: Carow-Watamura, Ursula. (Editor ), Watamura, Satoshi. (Editor ), Maeda, Yoshiaki. (Editor )
Formato: Libro
Idioma:English
Publicado: New York, NY : Springer, 2005.
Edición:1st ed.
Series:Lecture notes in physics, 662
Etiquetas: Agregar Etiqueta
Sin Etiquetas, Sea el primero en etiquetar este registro!
LEADER 00822nam a22002415a 4500
001 MAT.inmabb003897
008 041022s2005####nyua#####b####000#0#eng##
005 20160406164345.0
245 0 0 |a Quantum field theory and noncommutative geometry /  |c [edited by] Ursula Carow-Watamura, Yoshiaki Maeda, Satoshi Watamura. 
250 |a 1st ed. 
260 |a New York, NY :  |b Springer,  |c 2005. 
300 |a x, 297 p. :  |b il. ;  |c 23 cm. 
440 0 |a Lecture notes in physics,  |x 0075-8450 ;  |v 662 
504 |a Incluye referencias bibliográficas. 
510 4 |a MR,  |c 2006d:58001 
020 |a 3540239006 
700 1 |a Carow-Watamura, Ursula.  |4 edt 
700 1 |a Watamura, Satoshi.  |4 edt 
700 1 |a Maeda, Yoshiaki.  |4 edt 
084 |a 58-06 (81-06)  |2 MR 
010 |a  2004115524 
040 |a DLC  |c DLC 
859 |h 58  |i Q1  |p A-8289  |b BIB. MATEMATICA